000 00448nam a2200181Ia 4500
008 230524s9999 xx 000 0 und d
020 _a0074516922
082 _a621.381
_bJAI
100 _aR.P.Jain
245 0 _aDigital Electronics Practice Using Integrated Circuits
250 _a23TH
260 _aNEW DELHI
_bTMH
_c2005
300 _a323
500 _aQuantity Number: 4
650 _aElectronics
700 _a M.M.S.Anand
942 _cBK
999 _c7594
_d7594